UBT Library

Microbiology : (Record no. 580)

000 -LEADER
fixed length control field 00508nam a22001817a 4500
005 - DATE AND TIME OF LATEST TRANSACTION
control field 20150330042349.0
008 - FIXED-LENGTH DATA ELEMENTS--GENERAL INFORMATION
fixed length control field 010816s2002 at a 001 0 eng
020 ## - INTERNATIONAL STANDARD BOOK NUMBER
International Standard Book Number 0534556205
041 0# - LANGUAGE CODE
Language code of text/sound track or separate title eng
080 ## - UNIVERSAL DECIMAL CLASSIFICATION NUMBER
Universal Decimal Classification number 579.2
100 1# - Rafti
Rafti Batzing, Barry L.
245 10 - TITLE STATEMENT
Title Microbiology :
Statement of responsibility, etc Barry L. Batzing.
260 ## -
-- Australia ;
-- Belmont, CA :
-- Brooks/Cole,
-- 2002.
300 ## -
-- 780 f. :
-- me il.;
-- 28 cm.
-- + cd
505 ## -
-- Index: f. 765 - 780
650 #0 -
-- Microbiologjia
942 ## - ADDED ENTRY ELEMENTS (KOHA)
Source of classification or shelving scheme
Item type Books
Holdings
Withdrawn status Lost status Source of classification or shelving scheme Damaged status Not for loan Collection code Permanent location Current location Shelving location Date acquired Total Checkouts Full call number Date last seen Koha item type
          Koleksioni i përgjithshem UBT - Lipjan UBT - Lipjan Koleksioni i përgjithshem 03/30/2015   579.2 BAT 03/30/2015 Books
UBT Library © 2015-2024. All rights reserved University Education for Business and Technology